00544nam a22001697a 4500003000900000008004100009020001800050040007100068082002000139110003600159245002000195260005200215300002700267440003800294505003000332650001200362AR-CdUCM190417b ||||| |||| 00| 0 spa d a2-89429-843-9 aMUNICIPALIDAD PROVINCIAL DEL CUSCOcBIBLIOTECA MUNICIPAL DEL CUSCO aPI / 803 /bC46 aTormont, internacional limited. aLa cenicienta / aChina :bTormont, internacional limited,c1995. a28 páginas ;c16 cm. aColección clásica de cuentos. aContenido :La cenicienta. aCuentos